Tratado de patología y clínica y médica / (Registro nro. 117595)
[ vista simple ]
| 000 -LEADER | |
|---|---|
| campo de control de longitud fija | 00772nam a2200205 i 4500 |
| 001 - NÚMERO DE CONTROL | |
| campo de control | 117595 |
| 003 - IDENTIFICADOR DE NÚMERO DE CONTROL | |
| campo de control | ES-MaACL |
| 005 - FECHA Y HORA DE LA ÚLTIMA TRANSACCIÓN | |
| campo de control | 20250801063034.0 |
| 007 - CAMPO FIJO DE DESCRIPCIÓN FÍSICA--INFORMACIÓN GENERAL | |
| campo de control de longitud fija | t| |
| 008 - DATOS DE LONGITUD FIJA--INFORMACIÓN GENERAL | |
| campo de control de longitud fija | 070214m19641969sp r ||||1| spa d |
| 100 1# - ENTRADA PRINCIPAL--NOMBRE DE PERSONA | |
| Nombre de persona | Pedro Pons, A., |
| Fechas asociadas al nombre | 1898-1971 |
| 9 (RLIN) | 89929 |
| 245 10 - MENCIÓN DEL TÍTULO | |
| Título | Tratado de patología y clínica y médica / |
| Mención de responsabilidad, etc. | dirigido por A. Pedro Pons. |
| 250 ## - MENCION DE EDICION | |
| Mención de edición | [4ª ed.]. |
| 260 ## - PUBLICACIÓN, DISTRIBUCIÓN, ETC. | |
| Lugar de publicación, distribución, etc. | Barcelona [etc.] : |
| Nombre del editor, distribuidor, etc. | Salvat, |
| Fecha de publicación, distribución, etc. | 1964-1969. |
| 300 ## - DESCRIPCIÓN FÍSICA | |
| Extensión | 2 v. : |
| Otras características físicas | il ; |
| Dimensiones | 26 cm. |
| 505 8# - NOTA DE CONTENIDO CON FORMATO | |
| Nota de contenido con formato | Contiene: V. I: Enfermedades del tubo digestivo, hígado y vias biliares, páncreas, peritoneo y diafragma -- V. V. Enfermedades de la sangre y de las glándulas endocrinas. |
| 650 04 - PUNTO DE ACCESO ADICIONAL DE MATERIA--TÉRMINO DE MATERIA | |
| Término de materia o nombre geográfico como elemento de entrada | Patología. |
| 9 (RLIN) | 15884 |
| 852 ## - LOCALIZACIÓN | |
| Ubicación | ES-MaACL |
| Número de control de estantería | P-432-Ter |
| Sublocalización o colección | R.55602 |
| Estatus retirado | Estado de pérdida | Estado de daño | No para préstamo | Biblioteca de origen | Biblioteca actual | Ubicación en estantería | Fecha de adquisición | Fuente de adquisición | Total de préstamos | Signatura topográfica completa | Código de barras | Visto por última vez | Precio de reemplazo | Tipo de ítem Koha |
|---|---|---|---|---|---|---|---|---|---|---|---|---|---|---|
| Biblioteca del Ateneo de Madrid | Biblioteca del Ateneo de Madrid | Depósito 2 | 17/01/2008 | P-432-Ter | 1122600 | 23/02/2023 | 23/02/2023 | Libro impreso |
